000 00565nam a22001817a 4500
005 20231102141943.0
008 231102b |||||||| |||| 00| 0 eng d
020 _a0409032964 ; 0409932972
041 _aEnglish
082 _a346.6 HEN
100 _aMeskin, PM
_lEnglish
245 _aHenochsberg on the Companies Act /
_cPM Meskin
250 _aFourth Edition
260 _aDurban :
_bButterworth Publishers (Pty) Ltd,
_c1985
300 _blxxvi, 561 pages ;
_c25,5 cm.
650 _aLegal practice
_bLaw
942 _cBK
_6ALISON_BN_VRIES
999 _c263
_d263